<?xml version="1.0" encoding="UTF-8"?>
<record
    xmlns:xsi="http://www.w3.org/2001/XMLSchema-instance"
    xsi:schemaLocation="http://www.loc.gov/MARC21/slim http://www.loc.gov/standards/marcxml/schema/MARC21slim.xsd"
    xmlns="http://www.loc.gov/MARC21/slim">

  <leader>01247nam a22002057a 4500</leader>
  <controlfield tag="003">OSt</controlfield>
  <controlfield tag="005">20260408103820.0</controlfield>
  <controlfield tag="008">260408b        |||||||| |||| 00| 0 ESP d</controlfield>
  <datafield tag="082" ind1=" " ind2=" ">
    <subfield code="2">84-494-1577-2</subfield>
  </datafield>
  <datafield tag="100" ind1=" " ind2=" ">
    <subfield code="a">Mar&#xED;a Pascual</subfield>
  </datafield>
  <datafield tag="245" ind1=" " ind2=" ">
    <subfield code="a">Mi primer diccionario de ingl&#xE9;s con Mar&#xED;a Pascual </subfield>
  </datafield>
  <datafield tag="250" ind1=" " ind2=" ">
    <subfield code="a">2DA EDICION VOL1</subfield>
  </datafield>
  <datafield tag="260" ind1=" " ind2=" ">
    <subfield code="a">BARCELONA ESPA&#xD1;A</subfield>
    <subfield code="b">Oc&#xE9;ano / Oc&#xE9;ano El Siglo.</subfield>
    <subfield code="c"> 2004 </subfield>
  </datafield>
  <datafield tag="300" ind1=" " ind2=" ">
    <subfield code="a">120PAG </subfield>
    <subfield code="c">22 x 29 cm</subfield>
  </datafield>
  <datafield tag="490" ind1=" " ind2=" ">
    <subfield code="3">papel de alta calidad y tapa dura.</subfield>
  </datafield>
  <datafield tag="520" ind1=" " ind2=" ">
    <subfield code="a">El objetivo de este diccionario es introducir al p&#xFA;blico infantil en el aprendizaje del idioma ingl&#xE9;s de manera l&#xFA;dica y natural. La obra busca que el lector establezca un v&#xED;nculo afectivo con la lengua extranjera mediante la asociaci&#xF3;n directa entre im&#xE1;genes detalladas y conceptos cotidianos, facilitando as&#xED; la adquisici&#xF3;n de vocabulario b&#xE1;sico sin el rigor de la gram&#xE1;tica t&#xE9;cnica. Su enfoque se centra en despertar la curiosidad y fomentar la autonom&#xED;a del ni&#xF1;o en su primer contacto biling&#xFC;e.</subfield>
  </datafield>
  <datafield tag="650" ind1=" " ind2=" ">
    <subfield code="a">El &#xE1;mbito personal ,La vida en el hogar El entorno escolar Naturaleza y animales ,Conceptos b&#xE1;sicos y abstractos</subfield>
    <subfield code="v">Escenas Tem&#xE1;ticas</subfield>
    <subfield code="x">Bloques de Vocabulario Espec&#xED;fico</subfield>
  </datafield>
  <datafield tag="700" ind1=" " ind2=" ">
    <subfield code="a">Mar&#xED;a Pascual</subfield>
  </datafield>
  <datafield tag="942" ind1=" " ind2=" ">
    <subfield code="2">ddc</subfield>
    <subfield code="c">BKA</subfield>
    <subfield code="n">0</subfield>
  </datafield>
  <datafield tag="952" ind1=" " ind2=" ">
    <subfield code="0">0</subfield>
    <subfield code="1">0</subfield>
    <subfield code="2">ddc</subfield>
    <subfield code="4">0</subfield>
    <subfield code="7">0</subfield>
    <subfield code="8">E03</subfield>
    <subfield code="a">ISUS</subfield>
    <subfield code="b">ISUS</subfield>
    <subfield code="c">Biblioteca Abierta</subfield>
    <subfield code="d">2026-04-08</subfield>
    <subfield code="e">IDIOMAS </subfield>
    <subfield code="f">0479</subfield>
    <subfield code="i">0479</subfield>
    <subfield code="l">0</subfield>
    <subfield code="o">INGLES </subfield>
    <subfield code="p">IDIOMA0479</subfield>
    <subfield code="r">2026-04-08 10:41:19</subfield>
    <subfield code="t">1</subfield>
    <subfield code="w">2026-04-08</subfield>
    <subfield code="y">BKA</subfield>
  </datafield>
  <datafield tag="999" ind1=" " ind2=" ">
    <subfield code="c">2055</subfield>
    <subfield code="d">2055</subfield>
  </datafield>
</record>
